000 00928nam a2200205Ia 4500
003 OSt
005 20250218094234.0
007 ca aa aaaaa
008 201103s9999 xx 000 0 und d
040 _cSSBUL
041 _abur
082 _223
_a၂၉၄.၃၄၃၅၀၉ အောင်
_b၉၁၄၁ S-SAT
100 0 _aအောင်မြင့်အောင်၊ ဦး
_917274
245 1 0 _aသုဝဏ္ဏဘူမိ၏ရွှေစာရံစေတီတော် သမိုင်းကျမ်း /
_cဦးအောင်မြင့်အောင်။
260 _aရန်ကုန် ၊
_bမိုးဝေစာပေ၊
_cခုနှစ်မပါ။
300 _a၁၀၉ စာမျက်နှာ ၊
_c၁၈ စင်တီ ။
500 _aS-SAT: Dr. Sai Aung Tun
650 _aရွှေစာရံစေတီတေ်
_vသမိုင်း
_955024
942 _cBK
_2ddc
999 _c16639
_d16639